00620nam a2200217Ia 4500003000400000005001700004008004100021020001800062040000700080041000800087082002200095100002800117245001600145260003100161300001200192650002800204906001800232942001200250999001900262952012100281OSt20230418114018.0210423s1973 xx 000 0 und d a0-330-23381-5 cAL aeng a813.54 223bKOSB aKOSINSKI (Jerzy)989925 aBeing there aLondonbPan Book Ltdc1973 a118bPB aAmerican Fiction989926 aBeing ; there 2ddccBK c170028d170028 001040708GENaSACPGbSACPGd2019-03-26l2o813.54 KOSBpPG016530r2025-03-15 00:00:00s2025-03-05w2021-04-26yBK